A history of music in American life /

Bibliographic Details
Main Author: Davis, Ronald L.
Format: Book
Language:English
Published: Malabar, Fla. : R.E. Krieger Pub. Co., 1982-
Subjects:

MARC

Tag First Indicator Second Indicator Subfields
LEADER 00000pam a2200000 a 4500
001 in00000077052
005 20151008060516.0
008 791126m19829999flua b 00110 engm
010 |a  79025359  
020 |z 0898740029 (v. 1) 
020 |a 0898740037 (v. 2) 
020 |a 0898740045 
035 |a (OCoLC)05798872 
035 |9 AAJ5911AM 
040 |a DLC  |c DLC  |d TXA  |d UtOrBLW 
043 |a n-us--- 
049 |a TXAM  |v 1 [387981]  |v 2 [387982]  |v 3 [387983] 
050 0 0 |a ML200  |b .D3 
082 0 |a 780/.973 
100 1 |a Davis, Ronald L. 
245 1 2 |a A history of music in American life /  |c by Ronald L. Davis. 
264 1 |a Malabar, Fla. :  |b R.E. Krieger Pub. Co.,  |c 1982- 
300 |a volumes :  |b illustrations ;  |c 24 cm. 
336 |a text  |b txt  |2 rdacontent 
337 |a unmediated  |b n  |2 rdamedia 
338 |a volume  |b nc  |2 rdacarrier 
504 |a Includes bibliographies and index. 
505 0 |a v. 1. The formative years, 1620-1865 -- v. 2. The gilded years, 1865-1920 -- v. 3. The modern era, 1920-present. 
650 0 |a Music  |z United States  |x History and criticism. 
999 |a MARS 
999 f f |s 0a8da56e-e1dc-376c-9125-33392675b216  |i d32c1d38-6469-36ef-97d3-fcd4c8988910  |t 0 
952 f f |p ric  |a Texas A&M University  |b Rellis Campus  |c Joint Library Facility  |d Remote Storage  |t 0  |e ML200 .D3  |h Library of Congress classification  |i unmediated -- volume  |k v.2  |m A14806165350 
952 f f |p ric  |a Texas A&M University  |b Rellis Campus  |c Joint Library Facility  |d Remote Storage  |t 0  |e ML200 .D3  |h Library of Congress classification  |i unmediated -- volume  |k v.1  |m A14810783110 
952 f f |p ric  |a Texas A&M University  |b Rellis Campus  |c Joint Library Facility  |d Remote Storage  |t 0  |e ML200 .D3  |h Library of Congress classification  |i unmediated -- volume  |k v.3  |m A14806165368 
998 f f |a ML200 .D3  |s v.1-v.3  |t 0  |l Remote Storage